| 000 | 01157nam a22002895a 4500 | ||
|---|---|---|---|
| 003 | EG-ScBUE | ||
| 005 | 20211201111421.0 | ||
| 008 | 080825s1998 ua f b 000 0bara d | ||
| 040 |
_aEG-SbBUE _bara _erda _cEG-SbBUE _dEG-ScBUE |
||
| 082 | 0 | 4 |
_a892.78609 _bس ك و _222 |
| 100 | 1 |
_aالسكوت، حمدي، _eمؤلف. |
|
| 245 | 1 | 0 |
_aتوفيق الحكيم : _bببليوجرافيا / _cد. حمدي السكوت. |
| 246 | 3 | 5 |
_aTaufiq Al-Hakim : _bbibliography |
| 250 | _aطبعة تجريبية استطلاعية محدودة. | ||
| 264 | 1 |
_aالقاهرة : _bالجامعة الأمريكية، قسم الدراسات العربية، _c1998. |
|
| 300 |
_a382 صفحة ؛ _c24 سم |
||
| 336 |
_2rdacontent _aنص _btxt |
||
| 337 |
_2rdamedia _aبدون وسيط _bn |
||
| 338 |
_2rdacarrier _aمجلد _bnc |
||
| 504 | _aيشتمل على إرجاعات ببليوجرافية. | ||
| 600 | 1 | 7 |
_aالحكيم، توفيق، _d1898-1987، _vببليوجرافيات. _2BUEsh |
| 650 | 7 |
_2BUEsh _aالأدباء المصريون _vتراجم. |
|
| 651 | _2BUEsh | ||
| 653 |
_bARALIT _cAugust2015 |
||
| 655 |
_vReading book _934232 |
||
| 942 | _2ddc | ||
| 999 |
_c7130 _d7130 |
||